000 00450nam a2200169Ia 4500
999 _c2038
_d2038
003 OSt
005 20200818094628.0
008 190216s9999||||xx |||||||||||||| ||und||
040 _coclc
082 _a546
_bAGA/M
100 _aAgarwal, R C
_9586
245 0 _aModern Inorganic Chemistry /
_cR C Agarwal
260 _bKitab Mahal,
_c1987.
300 _a953p
650 _aChemistry
942 _cBK
_2ddc
_h546
_iAGA/M
_k546
_mAGA/M